|
|
|
|
| LEADER |
01016nam a22003017i 4500 |
| 001 |
001930464 |
| 003 |
CZ BrMZK |
| 005 |
20250328124514.0 |
| 007 |
ta |
| 008 |
250328s1943 gw af er|||||||||||ger d |
| 040 |
|
|
|a BOA001
|b cze
|e rda
|
| 080 |
|
|
|a 929.731
|2 MRF
|
| 080 |
|
|
|a (450)
|2 MRF
|
| 080 |
|
|
|a (048.8)
|2 MRF
|
| 100 |
1 |
|
|a Birkenfeld, Günther,
|d 1901-1966
|7 xx0035443
|4 aut
|
| 245 |
1 |
0 |
|a Leben und Taten des Caesar Augustus /
|c Günther Birkenfeld
|
| 264 |
|
1 |
|a Berlin :
|b Paul Neff Verlag,
|c 1943
|
| 300 |
|
|
|a 493stran, obrazové přílohy :
|b ilustrace ;
|c 21 cm
|
| 336 |
|
|
|a text
|b txt
|2 rdacontent
|
| 337 |
|
|
|a bez média
|b n
|2 rdamedia
|
| 338 |
|
|
|a svazek
|b nc
|2 rdacarrier
|
| 600 |
0 |
7 |
|a Augustus,
|c římský císař,
|d 63 př. Kr.-14 po Kr.
|7 jn20000700093
|2 czenas
|
| 653 |
0 |
|
|a císařové
|a Řím
|
| 655 |
|
7 |
|a monografie
|7 fd132842
|2 czenas
|
| 910 |
|
|
|a BOA001
|b 2-0172.850
|
| 990 |
|
|
|a BK
|
| 991 |
|
|
|b 202503
|
| 996 |
7 |
|
|b 2618784904
|c 2-0172.850
|l MZK
|r Sklad / do 24 hodin
|n 0
|w 002000300
|u 000010
|a 1
|e BOA001
|j MZK50
|s A
|